000 01279nam a2200289 c 4500
003 BLK
005 20180420220253.0
008 180407b bul|||||r ||||||| ||bul||
010 _aKNG00031634000
040 _aBLK
041 _aBUL
_cBUL
080 _aФинансово право. Търговско дело. Митническо право. Данъчно право. Инвестиционни фондове. Борси, търговски посредници, банково дело, кредит, закупуване и др.
_b347.73
_x
_z347.73
100 1 _aДимитров, Валери
_eпърви автор
_9270061
139 _aДимитров, Валери
_bД 58
245 1 0 _aВъведение в банковото право
_bТърговската банкова дейност и нейната публичноправна уредба
_cВалери Димитров.
257 _aBGR
260 София
_bНова звезда
_c1996
300 _a352 с.
_c21 см
380 _a3
650 4 _aБанково право
_9256425
653 _aбанкови операции
852 _aЦб 189701
856 4 _qpdf
_u
856 4 _qpdf
_u
942 _cKNG
_n0
944 _aCR
_c15.01.2003
_kНаталия_Медовщикова
944 _aED
_c21.01.2013
_k
999 _c29025
_d29025